| 000 | 00745cam a22002411 4500 | ||
|---|---|---|---|
| 001 | ne 66001270 | ||
| 003 | DLC | ||
| 005 | 20260227111824.0 | ||
| 008 | 781113m19609999le c 000 0 fre | ||
| 010 | _ane 66001270 | ||
| 025 | _aPL480:UAR-6707 | ||
| 035 | _a(OCoLC)4367583 | ||
| 040 |
_aDLC _cTxU _dOCoLC _dDLC |
||
| 041 | 0 | _afreara | |
| 042 | _apremarc | ||
| 050 | 0 | 0 |
_aZ6620.L4 _bN3 |
| 100 | 1 | _aNasrallah, Joseph. | |
| 245 | 1 | 0 | _aCatalogue des manuscrits du Liban. |
| 260 |
_aHarissa, _bImpr. St. Paul, _c1958 [i.e. 1960]- |
||
| 300 |
_a v. _c25 cm. |
||
| 505 | 1 | _at. 1. Bibliothèque des missionaires de Saint Paul, Harissa. Bibliothèque du Séminaire de l'annonciation, ʻAin-Traz. | |
| 650 | 0 |
_aManuscripts _zLebanon _vCatalogs. |
|
| 999 |
_c49004 _d49004 |
||